000 01245nam a2200325Ia 4500
001 dia_1390
003 CHAP
005 20251023151839.0
008 220117s1965 xx 000 0 und d
010 _a176532
040 _cCHAP
082 _a631.55 C67 1965
110 _aMéxico. Centro Regional de Ayuda Técnica
_9159046
245 _aCosechas : la agricultura como fuente de vida /
_c Centro Regional de Ayuda Técnica ; traducción Carlos Lomelí
260 _aMéxico :
_b Herrero,
_c1965
300 _axix, 1218 p.
440 _aYearbook of agriculture (Washington, D.C. : 1926) ; 1950-1951
_9159047
500 _aTítulo original: Crops in peace and war
590 _aS21.A35 C67 1965
650 _aAgricultura
_xInvestigación
_91577
650 _aAgriculture
_xResearch
_9150896
650 _aInvestigación industrial
_xEstados Unidos de América
_9159048
650 _aReseach, industrial
_xUnited States
_9159049
700 _aLomelí, Carlos, tr.
_9159050
710 _aCentro Regional de Ayuda Técnica, Agencia para el Desarrollo Internacional (México)
_9159051
901 _a631.55 C67 1965
902 _aA
905 _a5232271965 mx an 8222223322spa16
942 _cLIBRO
_2ddc
999 _c176532
_d176532